Представление документа в формате RUSMARC

ПолеНазваниеЗначение
  Тип записи a
  Библиографический уровень m
001 Контрольный номер RU/SLIB/B/208747541
005 Дата корректировки 20201206204118.6
010 Индекс ISBN __
d Цена 0-25
101 Язык документа 1_
a Язык текста rus
c Язык оригинала ger
200 Заглавие и сведения об ответственности 1_
a Заглавие Новые средства каталогизации: От фасетной классификации к дескриптору и тезаурусу
f Первые сведения об ответственности Ролофф Г.; пер. с нем., предисл. и примеч. Р. С. Гиляревского
b Общее обозначение материала Текст
210 Выходные данные __
a Место издания М.
c Издательство Книга
d Дата издания 1980
215 Физическое описание __
a Объем 56 с.
606 Тематические рубрики __
a Основная рубрика Библиотечное дело
606 Тематические рубрики __
a Основная рубрика Каталогизация
610 Ключевые слова __
a Ключевые слова библиотечная классификация; каталогизация; фасетная классификация; дескрипторы; тезаурусы
686 Индексы других классификаций __
a Классификационный индекс 78.36
700 Автор _1
a Фамилия Ролофф
b Имя Г.
4 Код отношения 070
702 Вторичная интеллектуальная ответственность _1
a Фамилия Гиляревский
b Имя Р. С.
4 Код отношения Автор предисловия и т.д.
4 Код отношения 080
4 Код отношения 570
801 Источник записи _0
a Страна RU
b Организация Муниципальное бюджетное учреждение культуры "Централизованная библиотечная система" г. Сургут (Центральная городская библиотека им. А. С. Пушкина)
g Правила каталогизации КиК/Лебедева
801 Источник записи _1
a Страна RU
b Организация Муниципальное бюджетное учреждение культуры "Централизованная библиотечная система" г. Сургут (Центральная городская библиотека им. А. С. Пушкина)
g Правила каталогизации КиК/Лебедева
852 Данные о местонахождении __
j Шифр хранения 78.36
i Авторский знак Р 67
p Инвентарный номер 4343
901 Тип документа __
t Тип документа m
990 Данные о заказе (DOS) __
j Количество экземпляров (DOS) 1